[Event "European Club Cup 2019"]
[Site "Budva MNE"]
[Date "2019.11.15"]
[Round "6"]
[White "Sadikhov, Ulvi"]
[Black "Navara, David"]
[Result "0-1"]
[WhiteElo "2502"]
[BlackElo "2703"]
[PlyCount "118"]
[EventDate "2019.11.10"]
[WhiteTeam "Vugar Gashimov"]
[BlackTeam "AVE Novy Bor"]

1. e4 c5 2. Nf3 e6 3. d4 cxd4 4. Nxd4 Nf6 5. Nc3 Nc6 6. Ndb5 Bc5 7. Bf4 O-O 8.
Bc7 Qe7 9. Bd6 Bxd6 10. Qxd6 Qd8 11. Qc7 d5 12. exd5 exd5 13. O-O-O d4 14. Na4
Qd5 15. Kb1 Bf5 16. Qd6 Rfd8 17. Qxd5 Nxd5 18. Bd3 Bxd3 19. cxd3 a6 20. Na3 b6
21. Nc2 Rab8 22. Rhe1 Nf4 23. g3 Ne6 24. f4 g6 25. b4 b5 26. Nc5 Nxc5 27. bxc5
Rd5 28. Na1 Rxc5 29. Rc1 Rc3 30. Rxc3 dxc3 31. Kc2 b4 32. Re4 a5 33. Rc4 Ne7
34. Rc5 Nf5 35. Kb3 Nd4+ 36. Ka4 Rd8 37. Kxa5 Ra8+ 38. Kxb4 Rxa2 39. Nb3 Ne2
40. Rc8+ Kg7 41. Re8 Rb2 42. Kc4 Rd2 43. Kb4 h5 44. d4 c2 45. Rc8 Rd3 46. d5
Rxb3+ 47. Kxb3 c1=Q 48. Rxc1 Nxc1+ 49. Kc2 Ne2 50. Kd3 Ng1 51. Ke3 Nh3 52. Kf3
g5 53. d6 Kf6 54. f5 g4+ 55. Ke4 Ng5+ 56. Kf4 Nh7 57. Ke4 Nf8 58. Kf4 Nd7 59.
Ke4 Kg5 0-1

[Event "European Club Cup 2019"]
[Site "Budva MNE"]
[Date "2019.11.16"]
[Round "7"]
[White "Rapport, Richard"]
[Black "Mamedyarov, Shakhriyar"]
[Result "1/2-1/2"]
[WhiteElo "2752"]
[BlackElo "2772"]
[PlyCount "60"]
[EventDate "2019.11.10"]
[WhiteTeam "Obiettivo Risarcimento Padova"]
[BlackTeam "Alkaloid"]

1. Nf3 Nf6 2. g3 d5 3. Bg2 e6 4. c4 Be7 5. d4 O-O 6. Qc2 a6 7. Nbd2 b6 8. O-O
Bb7 9. Ne5 c5 10. dxc5 bxc5 11. cxd5 exd5 12. b3 Re8 13. Bb2 Bd6 14. f4 Nc6 15.
Nxc6 Bxc6 16. Rae1 Rc8 17. e4 Nxe4 18. Nxe4 dxe4 19. Bxe4 Bxe4 20. Rxe4 Rxe4
21. Qxe4 c4 22. bxc4 Qb6+ 23. Bd4 Bc5 24. Bxc5 Qxc5+ 25. Kg2 Qxc4 26. Qxc4 Rxc4
27. Re1 f6 28. Kf3 Kf7 29. Re3 Ra4 30. a3 Rc4 1/2-1/2

[Event "European Club Cup 2019"]
[Site "Budva MNE"]
[Date "2019.11.16"]
[Round "7"]
[White "Andreikin, Dmitry"]
[Black "Adams, Michael"]
[Result "1/2-1/2"]
[WhiteElo "2733"]
[BlackElo "2692"]
[PlyCount "60"]
[EventDate "2019.11.10"]
[WhiteTeam "Alkaloid"]
[BlackTeam "Obiettivo Risarcimento Padova"]

1. d4 Nf6 2. c4 e6 3. Nf3 d5 4. Bg5 Be7 5. e3 O-O 6. Qc2 c5 7. dxc5 Qa5+ 8.
Nbd2 Qxc5 9. Rc1 h6 10. Bh4 Bd7 11. cxd5 Qxc2 12. Rxc2 Nxd5 13. Bxe7 Nxe7 14.
Ne5 Rc8 15. Rxc8+ Nxc8 16. g3 Nd6 17. Bg2 Bb5 18. Ne4 Nxe4 19. Bxe4 Nd7 20.
Nxd7 Bxd7 21. Kd2 Rd8 22. Kc3 Rc8+ 23. Kd2 Kf8 24. Rc1 Rxc1 25. Kxc1 b6 26. f4
Ke7 27. Kd2 Kd6 28. a3 f6 29. Bg2 Bb5 30. Kc3 Kc5 1/2-1/2

[Event "European Club Cup 2019"]
[Site "Budva MNE"]
[Date "2019.11.16"]
[Round "7"]
[White "Harikrishna, Pentala"]
[Black "Dreev, Aleksey"]
[Result "1/2-1/2"]
[WhiteElo "2731"]
[BlackElo "2671"]
[PlyCount "60"]
[EventDate "2019.11.10"]
[WhiteTeam "AVE Novy Bor"]
[BlackTeam "Moscow Chess Team"]

1. e4 c6 2. d4 d5 3. e5 Bf5 4. Nf3 e6 5. Be2 Ne7 6. O-O c5 7. c4 Nbc6 8. dxc5
d4 9. Qb3 Qc8 10. Rd1 Ng6 11. Nxd4 Nxd4 12. Rxd4 Bxc5 13. Qa4+ Qc6 14. Qxc6+
bxc6 15. Rd1 Nxe5 16. Nc3 Ng4 17. Rf1 O-O-O 18. Bxg4 Bxg4 19. Be3 Bd4 20. Rac1
e5 21. Rfe1 f6 22. f3 Bf5 23. Kf2 Rd7 24. Na4 Rhd8 25. Bxd4 Rxd4 26. Nc5 h5 27.
Nb3 Rd3 28. Nc5 R3d4 29. Nb3 Rd3 30. Nc5 R3d4 1/2-1/2

[Event "European Club Cup 2019"]
[Site "Budva MNE"]
[Date "2019.11.16"]
[Round "7"]
[White "Zvjaginsev, Vadim"]
[Black "Vidit, Santosh Gujrathi"]
[Result "1/2-1/2"]
[WhiteElo "2626"]
[BlackElo "2722"]
[PlyCount "62"]
[EventDate "2019.11.10"]
[WhiteTeam "Moscow Chess Team"]
[BlackTeam "AVE Novy Bor"]

1. Nf3 Nf6 2. c4 c5 3. Nc3 Nc6 4. e3 e6 5. d4 d5 6. cxd5 exd5 7. Bb5 cxd4 8.
exd4 Bd6 9. O-O O-O 10. h3 h6 11. Re1 Bf5 12. Ne5 Rc8 13. Bf4 Nb4 14. Ba4 Ne4
15. a3 Bxe5 16. Bxe5 Nc6 17. Nxe4 dxe4 18. Bxc6 Rxc6 19. Rc1 Rxc1 20. Qxc1 Qd7
21. Qc7 Qxc7 22. Bxc7 Rc8 23. Rc1 Be6 24. Bf4 Rxc1+ 25. Bxc1 Kf8 26. Kf1 Bc4+
27. Ke1 Ke7 28. h4 Ke6 29. Bd2 Kf5 30. Bb4 h5 31. Bf8 g6 1/2-1/2

[Event "European Club Cup 2019"]
[Site "Budva MNE"]
[Date "2019.11.16"]
[Round "7"]
[White "Navara, David"]
[Black "Grachev, Boris"]
[Result "1-0"]
[WhiteElo "2703"]
[BlackElo "2608"]
[PlyCount "135"]
[EventDate "2019.11.10"]
[WhiteTeam "AVE Novy Bor"]
[BlackTeam "Moscow Chess Team"]

1. e4 c5 2. Nf3 e6 3. d4 cxd4 4. Nxd4 Nf6 5. Nc3 Nc6 6. Nxc6 bxc6 7. e5 Nd5 8.
Ne4 Bb7 9. Be2 c5 10. O-O Qc7 11. Nd6+ Bxd6 12. exd6 Qc6 13. f3 c4 14. Qd4 O-O
15. Bxc4 Qxd6 16. b3 Qb6 17. Qxb6 Nxb6 18. Bd3 Rfc8 19. Bb2 a5 20. Rfd1 Nd5 21.
c4 Nb4 22. Bxh7+ Kxh7 23. Rxd7 Bc6 24. Rxf7 Rg8 25. Rd1 Nxa2 26. Rd6 Be8 27.
Re7 Rb8 28. Rd4 Rxb3 29. Rh4+ Kg6 30. Rg4+ Kf5 31. Bxg7 Bh5 32. Rh4 Kg5 33. Re4
Rxg7 34. Rxg7+ Kf6 35. Ra7 Nc3 36. Rh4 Bg6 37. Rh8 a4 38. h4 a3 39. h5 Bc2 40.
Kh2 a2 41. f4 Kf5 42. h6 Rb7 43. Rf8+ Kg6 44. Rxb7 a1=Q 45. h7 Ne2 46. Rg8+ Kf5
47. Rf7+ Ke4 48. h8=Q Qg1+ 49. Kh3 Qh1+ 50. Kg4 Qxg2+ 51. Kh4 Qf2+ 52. Kg5 Qg1+
53. Kh6 Qh2+ 54. Kg7 Qg1+ 55. Kf8 Qc5+ 56. Re7 Qf5+ 57. Kg7 Nxf4 58. Qh7 Nh5+
59. Kh8 Qxh7+ 60. Rxh7 Nf6 61. Rh4+ Ke5 62. Rd8 Bf5 63. c5 Nd5 64. c6 Ne7 65.
c7 Kf6 66. Rh6+ Kg5 67. Rh7 Bxh7 68. Kxh7 1-0

[Event "European Club Cup 2019"]
[Site "Budva MNE"]
[Date "2019.11.16"]
[Round "7"]
[White "Sjugirov, Sanan"]
[Black "Dominguez Perez, Leinier"]
[Result "1/2-1/2"]
[WhiteElo "2657"]
[BlackElo "2762"]
[PlyCount "204"]
[EventDate "2019.11.10"]
[WhiteTeam "Primorsky District"]
[BlackTeam "Mednyi Vsadnik"]

1. d4 Nf6 2. c4 e6 3. Nf3 d5 4. Nc3 Bb4 5. Bg5 h6 6. Bxf6 Qxf6 7. Qa4+ Nc6 8.
e3 O-O 9. Be2 dxc4 10. O-O Bd7 11. Bxc4 Bxc3 12. bxc3 Rfd8 13. Qa3 Qe7 14. Qb2
Na5 15. Be2 c5 16. Ne5 Rac8 17. Nxd7 Rxd7 18. Rfd1 cxd4 19. cxd4 Rdc7 20. Rac1
Nc4 21. Qb3 Nd6 22. Rxc7 Qxc7 23. Bd3 Qa5 24. e4 Rc3 25. Qb1 b5 26. h3 b4 27.
Bf1 g6 28. Bd3 Kg7 29. Qb2 Qb6 30. e5 Nc8 31. Be4 Ne7 32. Qd2 a5 33. d5 exd5
34. Bxd5 Nxd5 35. Qxd5 Rc2 36. e6 Rxf2 37. Qe5+ Rf6+ 38. Kh1 Qxe6 39. Qxa5 Qe4
40. Qc5 Rf4 41. a3 bxa3 42. Qxa3 Rf2 43. Qc3+ Kh7 44. Qg3 Qe2 45. Ra1 Qb2 46.
Re1 Qd4 47. Qe3 Qb2 48. Qg3 h5 49. Kg1 Rf5 50. Qe3 Qf6 51. Rd1 Rf4 52. Re1 Kg7
53. Rd1 h4 54. Re1 g5 55. Kh2 Rf5 56. Kg1 Ra5 57. Kh2 Rd5 58. Kg1 Rf5 59. Rd1
Re5 60. Qf2 Qe6 61. Qd4 Kg6 62. Qd3+ Kh6 63. Qc3 f6 64. Rf1 Kg7 65. Qc7+ Kg6
66. Qc2+ Kg7 67. Qc7+ Kg6 68. Qc2+ f5 69. Qc3 Re3 70. Qb4 Re2 71. Qc5 f4 72.
Rf2 Re1+ 73. Rf1 f3 74. Qc2+ Kh6 75. Qf2 Rxf1+ 76. Kxf1 fxg2+ 77. Kxg2 Qe5 78.
Qf3 Kg6 79. Qc6+ Kf5 80. Qf3+ Qf4 81. Qd5+ Kf6 82. Qc6+ Ke5 83. Qc5+ Ke4 84.
Qc4+ Ke3 85. Qb3+ Ke2 86. Qb5+ Ke1 87. Qb1+ Kd2 88. Qb2+ Kd3 89. Qb3+ Ke2 90.
Qb5+ Ke3 91. Qb3+ Kd4 92. Qb4+ Kd5 93. Qb5+ Kd6 94. Qb6+ Kd7 95. Qb7+ Kd8 96.
Qd5+ Ke7 97. Qb7+ Ke6 98. Qc6+ Qd6 99. Qxd6+ Kxd6 100. Kf3 Ke5 101. Ke3 Kf5
102. Kf3 Ke5 1/2-1/2

[Event "European Club Cup 2019"]
[Site "Budva MNE"]
[Date "2019.11.16"]
[Round "7"]
[White "Matlakov, Maxim"]
[Black "Alekseev, Evgeny"]
[Result "1-0"]
[WhiteElo "2710"]
[BlackElo "2623"]
[PlyCount "73"]
[EventDate "2019.11.10"]
[WhiteTeam "Mednyi Vsadnik"]
[BlackTeam "Primorsky District"]

1. d4 Nf6 2. c4 e6 3. Nf3 d5 4. Nc3 Bb4 5. Bg5 Nbd7 6. e3 c5 7. cxd5 exd5 8.
Qc2 Qa5 9. Bd3 c4 10. Bf5 O-O 11. O-O Re8 12. Nd2 g6 13. Bxd7 Nxd7 14. f3 Nb6
15. e4 Bxc3 16. Qxc3 Qxc3 17. bxc3 Bd7 18. e5 Na4 19. Rfc1 b5 20. Nf1 a5 21.
Ne3 Be6 22. Rab1 b4 23. cxb4 axb4 24. Rxb4 Reb8 25. Rxb8+ Rxb8 26. g4 Nb2 27.
Rb1 c3 28. f4 f5 29. exf6 Kf7 30. Rc1 Rc8 31. f5 gxf5 32. gxf5 Bd7 33. Nxd5 h6
34. Bxh6 c2 35. Ne3 Ba4 36. Ng4 Nd3 37. Ne5+ 1-0

[Event "European Club Cup 2019"]
[Site "Budva MNE"]
[Date "2019.11.16"]
[Round "7"]
[White "Berkes, Ferenc"]
[Black "Howell, David W L"]
[Result "1/2-1/2"]
[WhiteElo "2647"]
[BlackElo "2701"]
[PlyCount "43"]
[EventDate "2019.11.10"]
[WhiteTeam "WorldTradingLab Club64"]
[BlackTeam "Valerenga"]

1. d4 d5 2. Nf3 Nf6 3. Bf4 c5 4. c3 e6 5. e3 Bd6 6. Bg3 Qc7 7. Nbd2 Nbd7 8. Bd3
O-O 9. Bxd6 Qxd6 10. O-O e5 11. dxe5 Nxe5 12. Nxe5 Qxe5 13. Re1 Rd8 14. h3 Bf5
15. Qc2 Bxd3 16. Qxd3 Rd7 17. Rad1 Rad8 18. Qc2 h6 19. Nf1 Ne4 20. Nd2 Nf6 21.
Nf1 Ne4 22. Nd2 1/2-1/2

[Event "3rd GP Series ((tie-break)) 2019"]
[Site "Hamburg GER"]
[Date "2019.11.13"]
[Round "3"]
[White "Duda, Jan-Krzysztof"]
[Black "Dubov, Daniil"]
[Result "0-1"]
[WhiteElo "2748"]
[BlackElo "2676"]
[PlyCount "108"]
[EventDate "2019.11.05"]

1. e4 c5 2. Nf3 Nc6 3. d4 cxd4 4. Nxd4 e5 5. Nb5 d6 6. N1c3 a6 7. Na3 Be6 8.
Nc4 Rb8 9. a4 Nf6 10. Bg5 Nb4 11. a5 d5 12. exd5 Nbxd5 13. Nxd5 Qxd5 14. Bxf6
gxf6 15. Qxd5 Bxd5 16. O-O-O Bc6 17. Nd6+ Bxd6 18. Rxd6 Ke7 19. Rd3 Rbd8 20.
Rg1 f5 21. g3 Kf6 22. Be2 Rxd3 23. Bxd3 e4 24. Bc4 Ke5 25. Bxf7 Rf8 26. Bc4 f4
27. Rf1 Rf6 28. b3 Rh6 29. h4 fxg3 30. fxg3 Rg6 31. Rg1 e3 32. g4 Bf3 33. g5
Kf4 34. Bd3 Rg7 35. b4 Rd7 36. Re1 Re7 37. Rg1 Rd7 38. Re1 Bh5 39. b5 axb5 40.
Bxb5 Rd5 41. Rf1+ Kg3 42. Bd3 Rxa5 43. Rf6 Re5 44. Rb6 Re7 45. Rh6 Bg6 46. Kd1
Kf2 47. h5 Rd7 48. Kc1 Rxd3 49. cxd3 e2 50. hxg6 e1=Q+ 51. Kc2 Qe2+ 52. Kc3
Qe5+ 53. d4 Qc7+ 54. Kd2 hxg6 0-1

[Event "3rd GP Series ((tie-break)) 2019"]
[Site "Hamburg GER"]
[Date "2019.11.13"]
[Round "3"]
[White "Dubov, Daniil"]
[Black "Duda, Jan-Krzysztof"]
[Result "0-1"]
[WhiteElo "2676"]
[BlackElo "2748"]
[PlyCount "170"]
[EventDate "2019.11.05"]

1. d4 g6 2. e4 Bg7 3. Nf3 d6 4. Bc4 a6 5. O-O b5 6. Bb3 Bb7 7. Re1 e6 8. c3 Nd7
9. a4 Ngf6 10. Nbd2 O-O 11. Bc2 c5 12. Nf1 Qc7 13. Ng3 Rfc8 14. Bd3 b4 15. a5
c4 16. Bf1 b3 17. Ra4 d5 18. e5 Ne8 19. h4 Bc6 20. Ra1 Rcb8 21. h5 Rb5 22. Ng5
Nf8 23. Qf3 Ra7 24. Nh1 h6 25. Nh3 g5 26. Qd1 Rxa5 27. Rxa5 Qxa5 28. f4 g4 29.
N3f2 f5 30. exf6 Nxf6 31. Ng3 Rf7 32. Be2 Bd7 33. Nxg4 Nxg4 34. Bxg4 Qc7 35.
Ne2 a5 36. f5 exf5 37. Bf3 Bc6 38. Bf4 Qd8 39. Qc1 Kh7 40. Be5 Ne6 41. Bxg7
Rxg7 42. Nf4 Ng5 43. Qe3 Qd6 44. Ng6 Qg3 45. Rf1 Rf7 46. Qe5 Nxf3+ 47. Rxf3
Qxe5 48. Nxe5 Rf6 49. Nxc6 Rxc6 50. Rxf5 a4 51. Rf7+ Kg8 52. Ra7 Re6 53. Kf2
Rf6+ 54. Ke2 Rf5 55. Rxa4 Rxh5 56. Ra1 Rg5 57. Kf3 Rf5+ 58. Ke2 Kg7 59. Ke3 h5
60. Ke2 Kg6 61. Ra8 Rf7 62. Ra5 Rd7 63. Kf3 Kg5 64. g3 Rd8 65. Rb5 Rf8+ 66. Kg2
Kf5 67. Rxd5+ Ke4 68. Re5+ Kd3 69. d5 Kc2 70. Re2+ Kd1 71. Re5 Kc1 72. Re4 Rd8
73. Rxc4 Rxd5 74. Rd4 Rc5 75. c4 Kxb2 76. Rd5 Rxc4 77. Rxh5 Kc3 78. Rh1 b2 79.
Kh3 Kb3 80. Rb1 Rc1 81. Rxb2+ Kxb2 82. Kg4 Kc3 83. Kf5 Rf1+ 84. Ke5 Rg1 85. Kf4
Kd4 0-1

[Event "3rd GP Series ((tie-break)) 2019"]
[Site "Hamburg GER"]
[Date "2019.11.13"]
[Round "3"]
[White "Dubov, Daniil"]
[Black "Duda, Jan-Krzysztof"]
[Result "1/2-1/2"]
[WhiteElo "2676"]
[BlackElo "2748"]
[PlyCount "31"]
[EventDate "2019.11.05"]

1. d4 d5 2. c4 c6 3. Nf3 Nf6 4. cxd5 cxd5 5. Nc3 Nc6 6. Bf4 Bf5 7. Qb3 Na5 8.
Qa4+ Bd7 9. Qc2 e6 10. e3 Nc6 11. a3 Nh5 12. Bg5 f6 13. h4 Qc7 14. g4 fxg5 15.
gxh5 gxh4 16. Rg1 1/2-1/2

[Event "3rd GP Series ((tie-break)) 2019"]
[Site "Hamburg GER"]
[Date "2019.11.17"]
[Round "4"]
[White "Grischuk, Alexander"]
[Black "Duda, Jan-Krzysztof"]
[Result "1-0"]
[WhiteElo "2764"]
[BlackElo "2748"]
[PlyCount "63"]
[EventDate "2019.11.05"]

1. d4 Nf6 2. c4 e6 3. Nf3 b6 4. g3 Ba6 5. b3 Bb4+ 6. Bd2 Be7 7. Bg2 d5 8. O-O
O-O 9. Ne5 c6 10. Bc3 Nfd7 11. Nd3 dxc4 12. Nb4 cxb3 13. Nxa6 Nxa6 14. Bxc6 Rb8
15. axb3 Nb4 16. Bxb4 Bxb4 17. Rxa7 Nf6 18. e3 Rc8 19. Bg2 Re8 20. Nd2 Re7 21.
Rxe7 Bxe7 22. Nc4 Bf8 23. Qa1 b5 24. Ne5 Qb6 25. Rc1 Rxc1+ 26. Qxc1 Qa7 27. Qc8
b4 28. Bb7 Qa1+ 29. Kg2 Qa5 30. Bc6 Qa7 31. Be8 Nxe8 32. Nd7 1-0

[Event "3rd GP Series ((tie-break)) 2019"]
[Site "Hamburg GER"]
[Date "2019.11.17"]
[Round "4"]
[White "Grischuk, Alexander"]
[Black "Duda, Jan-Krzysztof"]
[Result "1-0"]
[WhiteElo "2764"]
[BlackElo "2748"]
[PlyCount "119"]
[EventDate "2019.11.05"]

1. d4 d5 2. c4 c6 3. Nf3 Nf6 4. e3 e6 5. Bd3 Nbd7 6. b3 b6 7. O-O Bb7 8. Bb2
dxc4 9. bxc4 c5 10. d5 exd5 11. cxd5 Bxd5 12. e4 Bc6 13. Re1 Qe7 14. Nc3 O-O-O
15. Nd5 Qe8 16. a4 Bd6 17. Ba6+ Kb8 18. Qb3 Nxe4 19. a5 Bc7 20. axb6 axb6 21.
Bb5 Bb7 22. Qa4 Qe6 23. Bc6 Bxh2+ 24. Nxh2 Qxc6 25. Qa7+ Kc8 26. Ne7+ Kc7 27.
Nxc6 Ra8 28. Rxe4 Rxa7 29. Rxa7 Kxc6 30. Re7 Rd8 31. Nf3 b5 32. Rxf7 b4 33.
Rxg7 Kb6 34. Ra1 Bxf3 35. gxf3 Nf8 36. Rg8 c4 37. Bg7 Ne6 38. Rxd8 Nxd8 39. Rc1
Kb5 40. f4 Ne6 41. Be5 Nc5 42. Kf1 Nd3 43. Rd1 Kc5 44. Ke2 Kd5 45. Rh1 Nc5 46.
Rxh7 c3 47. Bxc3 bxc3 48. Rc7 c2 49. Kd2 Ne4+ 50. Kxc2 Nxf2 51. Kd2 Ke4 52. Ke2
Ng4 53. Rc4+ Kf5 54. Kf3 Nh2+ 55. Kg2 Ng4 56. Kg3 Ne3 57. Rc5+ Kf6 58. Kf3 Nf5
59. Ra5 Kg6 60. Ra6+ 1-0

[Event "3rd GP Series ((tie-break)) 2019"]
[Site "Hamburg GER"]
[Date "2019.11.17"]
[Round "4"]
[White "Duda, Jan-Krzysztof"]
[Black "Grischuk, Alexander"]
[Result "1/2-1/2"]
[WhiteElo "2748"]
[BlackElo "2764"]
[PlyCount "89"]
[EventDate "2019.11.05"]

1. e4 e5 2. Nf3 Nc6 3. Nc3 Nf6 4. Bb5 Nd4 5. Ba4 c6 6. Nxe5 d5 7. d3 Bc5 8. O-O
O-O 9. Kh1 Qc7 10. f4 b5 11. Bb3 a5 12. a3 Nxb3 13. cxb3 Bd4 14. Nf3 Bxc3 15.
e5 Bxe5 16. fxe5 Nd7 17. Bf4 Nc5 18. Rc1 Ne6 19. Qd2 c5 20. d4 c4 21. Nh4 Qd8
22. Bg3 Ng5 23. Nf3 Ne4 24. Qe3 Bf5 25. Be1 Rc8 26. h3 h6 27. Nd2 Bg6 28. Nxe4
Bxe4 29. Bd2 Rc6 30. a4 Rg6 31. Rf2 Qh4 32. Kh2 Rb8 33. axb5 Rxb5 34. bxc4 Rxb2
35. Rcf1 a4 36. g3 Qe7 37. c5 Rb3 38. Bc3 a3 39. Ra1 Ra6 40. Qc1 f6 41. Rfa2
fxe5 42. Bd2 exd4 43. c6 Qd6 44. Bf4 Qxc6 45. Rxa3 1/2-1/2

[Event "St Louis Winter A 2019"]
[Site "Saint Louis USA"]
[Date "2019.11.17"]
[Round "8"]
[White "Sethuraman, S.P."]
[Black "Oparin, Grigoriy"]
[Result "1-0"]
[WhiteElo "2634"]
[BlackElo "2657"]
[PlyCount "153"]
[EventDate "2019.11.10"]

1. e4 e5 2. Nf3 Nc6 3. Bb5 a6 4. Ba4 Nf6 5. O-O Be7 6. Re1 b5 7. Bb3 d6 8. c3
O-O 9. h3 Nb8 10. d4 Nbd7 11. Nbd2 Bb7 12. Bc2 Re8 13. Nf1 Bf8 14. Ng3 g6 15.
b3 Bg7 16. d5 Nb6 17. Rb1 c6 18. c4 Qc7 19. Bd3 Nbd7 20. Bf1 Nc5 21. Bg5 b4 22.
Qd2 a5 23. Nh2 Bc8 24. f3 h5 25. Be2 Bd7 26. Nhf1 Reb8 27. Red1 Ra6 28. dxc6
Rxc6 29. Ne3 Qa7 30. Kh2 Be6 31. Nd5 Bxd5 32. cxd5 Rcc8 33. Rdc1 Nh7 34. Be3
Bf6 35. Nf1 Qe7 36. Rc2 Bg5 37. Rbc1 Kf8 38. Qe1 h4 39. Qf2 Qf6 40. Nd2 Bf4+
41. Kg1 Kg7 42. Nc4 Nb7 43. Nb6 Rxc2 44. Rxc2 Bxe3 45. Qxe3 Qe7 46. Nc8 Qe8 47.
Na7 Nc5 48. Nc6 Ra8 49. Bb5 f6 50. Qf2 Nf8 51. Qxh4 Nfd7 52. Qg4 Qf7 53. Nxa5
f5 54. exf5 Rxa5 55. Bxd7 Qxd7 56. Qxg6+ Kf8 57. Rc4 e4 58. fxe4 Nd3 59. Qf6+
Kg8 60. Qg5+ Kf8 61. Qf6+ Kg8 62. Qe6+ Qxe6 63. dxe6 Re5 64. g4 Nc5 65. Rxb4
Nxe4 66. Kg2 Kg7 67. Rb7+ Kf6 68. h4 Ra5 69. a4 Ra8 70. Rb5 Ra7 71. g5+ Ke7 72.
Kf3 Nc3 73. Rb8 d5 74. g6 Kf6 75. Rf8+ Ke5 76. Rf7 Ra8 77. g7 1-0

[Event "St Louis Winter A 2019"]
[Site "Saint Louis USA"]
[Date "2019.11.17"]
[Round "8"]
[White "Xiong, Jeffery"]
[Black "Akobian, Varuzhan"]
[Result "1/2-1/2"]
[WhiteElo "2712"]
[BlackElo "2627"]
[PlyCount "87"]
[EventDate "2019.11.10"]

1. d4 d5 2. c4 e6 3. Nf3 Nf6 4. g3 dxc4 5. Bg2 c6 6. O-O b5 7. a4 Bb7 8. b3
cxb3 9. Qxb3 a6 10. Nc3 Be7 11. Rd1 Nbd7 12. Ne5 Nd5 13. Ne4 O-O 14. Nxd7 Qxd7
15. Nc5 Qc8 16. Ba3 Re8 17. Rac1 Qc7 18. Rc2 Rab8 19. Rdc1 b4 20. Bxb4 Bc8 21.
Ba5 Rxb3 22. Bxc7 Rb4 23. Ba5 Bxc5 24. Rxc5 Rxa4 25. e3 Bd7 26. Rb1 f5 27. Bf3
Ra8 28. h4 h6 29. Bh5 Ra2 30. Bd1 Ra3 31. Bf3 Ra2 32. Bd1 Ra3 33. Bc2 Ra2 34.
Kf1 g5 35. hxg5 hxg5 36. g4 Rf8 37. gxf5 exf5 38. Bb3 Ra3 39. Bc4 Kg7 40. Kg1
Kg6 41. Bxd5 cxd5 42. Rxd5 Bc6 43. Rd6+ Rf6 44. Rxf6+ 1/2-1/2

[Event "St Louis Winter A 2019"]
[Site "Saint Louis USA"]
[Date "2019.11.17"]
[Round "8"]
[White "Sevian, Samuel"]
[Black "Erdos, Viktor"]
[Result "1/2-1/2"]
[WhiteElo "2657"]
[BlackElo "2613"]
[PlyCount "81"]
[EventDate "2019.11.10"]

1. e4 e5 2. Nf3 Nc6 3. Bb5 a6 4. Ba4 Nf6 5. O-O Be7 6. Re1 b5 7. Bb3 d6 8. c3
O-O 9. h3 Re8 10. Ng5 Rf8 11. Nf3 Re8 12. d4 Bb7 13. Ng5 Rf8 14. Nf3 Re8 15.
Nbd2 Bf8 16. a3 h6 17. d5 Na5 18. Ba2 c6 19. b4 cxd5 20. bxa5 dxe4 21. Nh2 d5
22. Nb3 Qc7 23. Bb2 Rad8 24. Qe2 g6 25. Rad1 Nh5 26. Qe3 Nf4 27. Ng4 Re6 28. c4
dxc4 29. Bxe5 Rxe5 30. Qxf4 Rxd1 31. Rxd1 Re7 32. Nf6+ Kh8 33. Qxc7 Rxc7 34.
Rd8 cxb3 35. Bxb3 Rc8 36. Rd7 Rc1+ 37. Kh2 Rc7 38. Rd8 Rc8 39. Rd7 Rc7 40. Rd8
Rc8 41. Rd7 1/2-1/2

[Event "St Louis Winter A 2019"]
[Site "Saint Louis USA"]
[Date "2019.11.17"]
[Round "8"]
[White "Gabuzyan, Hovhannes"]
[Black "Jumabayev, Rinat"]
[Result "1-0"]
[WhiteElo "2616"]
[BlackElo "2641"]
[PlyCount "87"]
[EventDate "2019.11.10"]

1. c4 e5 2. a3 Nf6 3. d3 a5 4. Bg5 h6 5. Bxf6 Qxf6 6. Nc3 g6 7. g3 Bg7 8. Bg2
O-O 9. e3 c6 10. Nge2 Qe7 11. O-O f5 12. Qd2 d6 13. Rab1 Be6 14. b4 axb4 15.
axb4 Nd7 16. b5 Rfc8 17. bxc6 bxc6 18. Rb7 Qd8 19. Rfb1 Ra6 20. h4 Nc5 21. R7b4
d5 22. cxd5 cxd5 23. Nb5 Nd7 24. d4 e4 25. Nf4 Bf7 26. Bf1 g5 27. hxg5 hxg5 28.
Nxd5 Bxd5 29. Nc3 Rxc3 30. Qxc3 Rc6 31. Bc4 Kh7 32. Qb3 Rxc4 33. Rxc4 Nf6 34.
Rbc1 Kg6 35. Qb5 f4 36. Rc8 Qe7 37. R1c5 Qa7 38. gxf4 gxf4 39. Rxd5 Qa1+ 40.
Kh2 Ng4+ 41. Kg2 f3+ 42. Kg3 Qg1+ 43. Kf4 Bh6+ 44. Rg5+ 1-0

[Event "St Louis Winter A 2019"]
[Site "Saint Louis USA"]
[Date "2019.11.17"]
[Round "8"]
[White "Naroditsky, Daniel"]
[Black "Sarana, Alexey"]
[Result "0-1"]
[WhiteElo "2613"]
[BlackElo "2664"]
[PlyCount "130"]
[EventDate "2019.11.10"]

1. Nf3 d5 2. g3 Nf6 3. Bg2 g6 4. O-O Bg7 5. d4 c6 6. c3 O-O 7. Bf4 Nbd7 8. Ne5
Nh5 9. Nxd7 Qxd7 10. Bc1 e5 11. dxe5 Bxe5 12. Nd2 Bg7 13. Qc2 Re8 14. e4 Nf6
15. exd5 Nxd5 16. Nc4 Qe7 17. Ne3 Nf6 18. Rd1 Be6 19. Bd2 h5 20. h3 a5 21. c4
Nd7 22. Bc3 Bxc3 23. Qxc3 Qf6 24. Rd4 Qe5 25. Rad1 Nf8 26. f4 Qc5 27. Kh2 Re7
28. Re4 Rae8 29. Re5 Qb4 30. Qc2 f6 31. Re4 Qc5 32. Qc3 Bxh3 33. Rxe7 Rxe7 34.
Kxh3 Qxe3 35. Qxf6 h4 36. Qc3 hxg3 37. Qxe3 Rxe3 38. Rd2 Kf7 39. Kg4 Kf6 40.
Bf3 Ne6 41. Rg2 Rd3 42. b3 Rd4 43. Kxg3 Nxf4 44. Rh2 Ne6 45. Rb2 Nc5 46. Be2 g5
47. a3 Rf4 48. Bf3 a4 49. bxa4 Rxc4 50. Bd1 Rd4 51. Rf2+ Ke5 52. Bc2 Ne4+ 53.
Bxe4 Rxe4 54. Rb2 Rxa4 55. Rxb7 Rxa3+ 56. Kf2 g4 57. Rg7 g3+ 58. Ke2 Ra2+ 59.
Ke3 Ra3+ 60. Ke2 Kf4 61. Rc7 Ra2+ 62. Kf1 Rc2 63. Rf7+ Ke5 64. Rg7 g2+ 65. Kg1
c5 0-1

[Event "St Louis Winter A 2019"]
[Site "Saint Louis USA"]
[Date "2019.11.18"]
[Round "9"]
[White "Sarana, Alexey"]
[Black "Sethuraman, S.P."]
[Result "1-0"]
[WhiteElo "2664"]
[BlackElo "2634"]
[PlyCount "127"]
[EventDate "2019.11.10"]

1. e4 e5 2. Nf3 Nc6 3. Bb5 a6 4. Ba4 Nf6 5. O-O Be7 6. Re1 b5 7. Bb3 O-O 8. c3
d5 9. exd5 Nxd5 10. Nxe5 Nxe5 11. Rxe5 c6 12. d3 Bd6 13. Re1 Qh4 14. g3 Qh3 15.
Qf3 Bf5 16. Be3 Bxd3 17. Nd2 Bf5 18. Bxd5 cxd5 19. Qxd5 Rfd8 20. Qg2 Qxg2+ 21.
Kxg2 b4 22. Bd4 bxc3 23. Bxc3 Be6 24. Ne4 Bf8 25. a3 h6 26. Re3 Rac8 27. Rae1
Rc6 28. f3 Be7 29. h4 Rd5 30. R1e2 h5 31. Nf2 Bc5 32. Re5 Rxe5 33. Rxe5 Bxa3
34. Rxh5 Be7 35. Ra5 Bc4 36. Ra4 f6 37. Ng4 Kf7 38. h5 Bb5 39. Rf4 Re6 40. h6
gxh6 41. Nxh6+ Kg6 42. Nf5 Bd6 43. Nxd6 Rxd6 44. Re4 Bc6 45. Rc4 Re6 46. Kf2
Bb5 47. Rg4+ Kf7 48. Rf4 Kg6 49. g4 Rd6 50. Kg3 Bd7 51. Re4 Bc6 52. Rc4 Bd7 53.
f4 Rd3+ 54. Kh4 Rd1 55. f5+ Kf7 56. Rc7 Rh1+ 57. Kg3 Rg1+ 58. Kf4 Rf1+ 59. Ke3
Rd1 60. Ra7 Rd6 61. Bb4 Rd5 62. Rxa6 Bb5 63. Rb6 Re5+ 64. Kf4 1-0

[Event "St Louis Winter A 2019"]
[Site "Saint Louis USA"]
[Date "2019.11.18"]
[Round "9"]
[White "Jumabayev, Rinat"]
[Black "Naroditsky, Daniel"]
[Result "0-1"]
[WhiteElo "2641"]
[BlackElo "2613"]
[PlyCount "78"]
[EventDate "2019.11.10"]

1. d4 Nf6 2. c4 g6 3. g3 Bg7 4. Bg2 O-O 5. Nf3 d6 6. O-O c6 7. Nc3 Bf5 8. Ng5
h6 9. e4 Bg4 10. Nf3 e5 11. d5 cxd5 12. cxd5 Na6 13. Be3 Qd7 14. Qd2 Kh7 15.
Ne1 Bh3 16. Bxh3 Qxh3 17. f3 Qd7 18. Nd3 Rfc8 19. Rfc1 Ne8 20. Qf2 f5 21. Bxa7
b5 22. Be3 Nf6 23. Qg2 fxe4 24. fxe4 Ng4 25. Qh3 Rc7 26. Nf2 Nxe3 27. Qxd7 Rxd7
28. Nxb5 Nb4 29. Rc3 Nec2 30. Rc1 Ra5 31. a4 Nd4 32. Nxd4 exd4 33. Rc4 Rb7 34.
Ra1 d3 35. Ra3 d2 36. Nd1 Na6 37. Kf1 Bxb2 38. Rf3 Nc5 39. Ke2 Rxa4 0-1

[Event "St Louis Winter A 2019"]
[Site "Saint Louis USA"]
[Date "2019.11.18"]
[Round "9"]
[White "Erdos, Viktor"]
[Black "Gabuzyan, Hovhannes"]
[Result "1-0"]
[WhiteElo "2613"]
[BlackElo "2616"]
[PlyCount "93"]
[EventDate "2019.11.10"]

1. d4 Nf6 2. c4 c5 3. d5 e6 4. Nc3 exd5 5. cxd5 d6 6. Nf3 g6 7. Nd2 Bg7 8. e4
O-O 9. Be2 Na6 10. O-O Ne8 11. Nc4 f5 12. Bf4 fxe4 13. Qd2 Qe7 14. Rae1 Nac7
15. Bg5 e3 16. Bxe7 exd2 17. Rd1 Bxc3 18. Bxf8 Kxf8 19. bxc3 Nb5 20. Rxd2 Nxc3
21. Rc1 Nb5 22. Na5 Nd4 23. Bf1 Nf6 24. Re1 b6 25. Nc6 Nf5 26. f3 Bd7 27. g4
Bxc6 28. dxc6 Nd4 29. Rxd4 cxd4 30. Re6 Ne8 31. f4 Rd8 32. f5 Nc7 33. Rf6+ Ke7
34. g5 Rg8 35. h4 gxf5 36. Bd3 Rf8 37. Rxf5 Rxf5 38. Bxf5 h6 39. gxh6 Kf6 40.
h7 Kg7 41. Kf2 b5 42. Ke2 a5 43. Kd3 a4 44. Kxd4 b4 45. Kc4 b3 46. a3 b2 47.
Kc3 1-0